[Event "GER-ch U25-B"]
[Site "Willingen"]
[Date "2018.05.26"]
[Round "9"]
[White "Lange, Malina"]
[Black "Svane, Freja"]
[Result "0-1"]
[WhiteElo "1439"]
[BlackElo "1553"]
[PlyCount "103"]
[EventDate "2018.05.19"]
[EventType "swiss"]
[EventRounds "9"]
[EventCountry "GER"]
[SourceTitle "CBM 184 Extra"]
[Source "ChessBase"]
[SourceDate "2018.06.28"]
[SourceVersion "1"]
[SourceVersionDate "2018.06.28"]
[SourceQuality "1"]

1. e4 e6 2. d4 d5 3. Nd2 dxe4 4. Nxe4 Bd7 5. Nf3 Bc6 6. Bd3 Nd7 7. Be3 Be7 8. 0-0 Ngf6 9. Nxf6+ Bxf6 10. c4 Bxf3 11. Qxf3 c6 12. Rfe1 0-0 13. Bf4 Bxd4 14. Qh3 g6 15. Rab1 Bg7 16. Bh6 Qc7 17. Bxg7 Kxg7 18. Re3 Rad8 19. Qh4 Rh8 20. Rbe1 Nf6 21. Rf3 Ng8 22. Re4 Qe7 23. Qg3 Nf6 24. Ref4 Rxd3 25. Rxd3 Nh5 26. Qf3 Nxf4 27. Qxf4 Rd8 28. Qd2 Rxd3 29. Qxd3 Qf6 30. Qd2 c5 31. g3 Qd4 32. Qe2 e5 33. b3 f5 34. Kg2 Qe4+ 35. Qxe4 fxe4 36. f3 exf3+ 37. Kxf3 Kf6 38. h3 h5 39. Ke4 Ke6 40. a3 a5 41. a4 Kf6 42. Ke3 Kf5 43. Kf3 e4+ 44. Ke2 g5 45. Kf2 h4 46. Kg2 Ke5 47. Kf2 Kd4 48. g4 Kd3 49. Ke1 Ke3 50. Kf1 Kd2 51. Kf2 e3+ 52. Kf3 0-1

[Event "Helsingor Xtracon op"]
[Site "Helsingor"]
[Date "2017.07.29"]
[Round "9"]
[White "Christiansen, Torsten Sundgaar"]
[Black "Svane, Freja"]
[Result "1-0"]
[WhiteElo "1718"]
[BlackElo "1451"]
[PlyCount "127"]
[EventDate "2017.07.22"]
[EventType "swiss"]
[EventRounds "10"]
[EventCountry "DEN"]
[SourceTitle "CBM 179 Extra"]
[Source "ChessBase"]
[SourceDate "2017.08.23"]
[SourceVersion "1"]
[SourceVersionDate "2017.08.23"]
[SourceQuality "1"]

1. e4 c6 2. d4 d5 3. e5 Bf5 4. Bd3 Bxd3 5. Qxd3 e6 6. Nf3 Ne7 7. Nbd2 Nf5 8. Nf1 Nd7 9. c3 c5 10. g4 Nh4 11. Nxh4 Qxh4 12. Qg3 Qd8 13. h4 cxd4 14. cxd4 Bb4+ 15. Nd2 Qb6 16. Qd3 Nb8 17. a3 Be7 18. f4 Nc6 19. Nf3 h5 20. g5 g6 21. Rh2 a5 22. Rc2 a4 23. Bd2 0-0 24. Rb1 Qa7 25. Bc3 Rfc8 26. Nd2 Qa6 27. Ke2 Nxd4+ 28. Bxd4 Rxc2 29. Qxa6 Rxa6 30. Bc3 Rxc3 31. bxc3 Bxa3 32. Rxb7 Bc1 33. Rb1 Ba3 34. c4 Bf8 35. cxd5 a3 36. d6 a2 37. Ra1 Ra4 38. Ke3 Ra3+ 39. Ke4 Ra4+ 40. Ke3 Ra3+ 41. Kd4 Ra5 42. Nc4 Ra4 43. Kc5 Ra6 44. Kb5 Ra8 45. Na5 Rb8+ 46. Kc6 Rb1 47. Rxa2 Rc1+ 48. Kd7 Rh1 49. Ke8 Rxh4 50. Ra4 Rh1 51. d7 Rd1 52. d8Q Rxd8+ 53. Kxd8 h4 54. Nb7 h3 55. Nd6 h2 56. Ra1 f6 57. Kd7 Kg7 58. exf6+ Kg8 59. Kxe6 Be7 60. f7+ Kf8 61. Ra8+ Kg7 62. Kxe7 h1Q 63. f8Q+ Kh7 64. Qh8# 1-0

[Event "Helsingor Xtracon op"]
[Site "Helsingor"]
[Date "2017.07.25"]
[Round "5"]
[White "Thybo, Thomas Sondergaard"]
[Black "Svane, Freja"]
[Result "1-0"]
[WhiteElo "1999"]
[BlackElo "1451"]
[PlyCount "95"]
[EventDate "2017.07.22"]
[EventType "swiss"]
[EventRounds "10"]
[EventCountry "DEN"]
[SourceTitle "CBM 179 Extra"]
[Source "ChessBase"]
[SourceDate "2017.08.23"]
[SourceVersion "1"]
[SourceVersionDate "2017.08.23"]
[SourceQuality "1"]

1. e4 e6 2. d4 d5 3. Nd2 dxe4 4. Nxe4 Bd7 5. Nf3 Bc6 6. Bd3 Nd7 7. 0-0 Ngf6 8. Qe2 Be7 9. c3 0-0 10. Bf4 Re8 11. Ne5 Bxe4 12. Bxe4 Nxe4 13. Qxe4 c6 14. a4 Nxe5 15. Bxe5 Bd6 16. a5 Bxe5 17. Qxe5 Rc8 18. f4 Qd5 19. a6 Qxe5 20. dxe5 b6 21. Rfd1 Red8 22. b4 Kf8 23. c4 Ke7 24. c5 bxc5 25. bxc5 Rd5 26. Rab1 Kd8 27. Rdc1 Rd4 28. g3 Rc7 29. Rb8+ Rc8 30. Rb7 Rc7 31. Rcb1 Rdd7 32. Kf2 Ke7 33. Ke3 h5 34. h3 g6 35. Ke4 Ke8 36. g4 hxg4 37. hxg4 Ke7 38. f5 gxf5+ 39. gxf5 f6 40. Rxc7 exf5+ 41. Kxf5 Rxc7 42. Rb7 Rd7 43. e6 Rxb7 44. axb7 a5 45. b8Q a4 46. Qd6+ Ke8 47. Qd7+ Kf8 48. Qf7# 1-0

[Event "GER-ch U25-A"]
[Site "Willingen"]
[Date "2017.06.10"]
[Round "9"]
[White "Svane, Freja"]
[Black "Lossin, Charlotte"]
[Result "1/2-1/2"]
[WhiteElo "1418"]
[BlackElo "1319"]
[PlyCount "54"]
[EventDate "2017.06.04"]
[EventType "swiss"]
[EventRounds "9"]
[EventCountry "GER"]
[SourceTitle "CBM 178 Extra"]
[Source "ChessBase"]
[SourceDate "2017.06.22"]
[SourceVersion "1"]
[SourceVersionDate "2017.06.22"]
[SourceQuality "1"]

1. e4 e6 2. d4 d5 3. Nd2 c5 4. exd5 exd5 5. Ngf3 Nf6 6. Bb5+ Bd7 7. Bxd7+ Nbxd7 8. 0-0 c4 9. c3 Be7 10. Re1 0-0 11. Ne5 Re8 12. Ndf3 Ne4 13. Nxd7 Qxd7 14. Ne5 Qf5 15. Qf3 Qxf3 16. Nxf3 Bd6 17. Be3 b5 18. Nd2 b4 19. Nxe4 Rxe4 20. Bd2 Rxe1+ 21. Rxe1 bxc3 22. bxc3 Rb8 23. g3 Kf8 24. Ra1 Rb2 25. Be1 Rc2 26. a4 Bc7 27. a5 Rb2 1/2-1/2

[Event "Helsingor Xtracon op"]
[Site "Helsingor"]
[Date "2016.07.28"]
[Round "7"]
[White "Svane, Freja"]
[Black "Lindsjorn, Yngve"]
[Result "0-1"]
[WhiteElo "1302"]
[BlackElo "1582"]
[PlyCount "64"]
[EventDate "2016.07.23"]
[EventType "swiss"]
[EventRounds "10"]
[EventCountry "DEN"]
[SourceTitle "CBM 173 Extra"]
[Source "ChessBase"]
[SourceDate "2016.08.29"]
[SourceVersion "1"]
[SourceVersionDate "2016.08.29"]
[SourceQuality "1"]

1. d4 c6 2. c4 d5 3. e3 Nf6 4. Nc3 Bf5 5. Nf3 e6 6. b3 Nbd7 7. Bb2 Be7 8. Bd3 Bxd3 9. Qxd3 0-0 10. 0-0 h6 11. Rac1 Rc8 12. Rfe1 Re8 13. e4 dxe4 14. Nxe4 Nxe4 15. Qxe4 Nf6 16. Qe5 Bd6 17. Qe2 Qc7 18. Ne5 Nd7 19. Qh5 Nxe5 20. dxe5 Be7 21. Rc3 Bg5 22. Rg3 a6 23. Qd1 Rcd8 24. Rd3 Rxd3 25. Qxd3 Rd8 26. Qe2 Rd2 27. Qe4 Rxb2 28. Re2 Rxe2 29. Qxe2 Qd8 30. Kf1 Qd2 31. g3 Qxe2+ 32. Kxe2 h5 0-1

[Event "Helsingor Xtracon op"]
[Site "Helsingor"]
[Date "2016.07.26"]
[Round "5"]
[White "Svane, Freja"]
[Black "Sorensen, Bernhard"]
[Result "0-1"]
[WhiteElo "1302"]
[BlackElo "1655"]
[PlyCount "74"]
[EventDate "2016.07.23"]
[EventType "swiss"]
[EventRounds "10"]
[EventCountry "DEN"]
[SourceTitle "CBM 173 Extra"]
[Source "ChessBase"]
[SourceDate "2016.08.29"]
[SourceVersion "1"]
[SourceVersionDate "2016.08.29"]
[SourceQuality "1"]

1. d4 e6 2. c4 f5 3. Nc3 Nf6 4. Bg5 Be7 5. Nf3 d5 6. Qa4+ c6 7. e3 0-0 8. Be2 Nbd7 9. 0-0 Ne4 10. Bxe7 Qxe7 11. Qc2 Ndf6 12. Ne5 Bd7 13. c5 Be8 14. Rfc1 Bh5 15. Bxh5 Nxh5 16. Qe2 Nhf6 17. Nd3 Nd7 18. Nf4 Rf6 19. Qf3 Rh6 20. a4 Rf8 21. Rc2 e5 22. Nfe2 Rff6 23. Ng3 Qf7 24. dxe5 Nxe5 25. Qf4 Ng6 26. Qb8+ Nf8 27. Ncxe4 fxe4 28. Qxa7 Qc7 29. Qb6 Qd7 30. a5 Ne6 31. a6 bxa6 32. Rxa6 Ng5 33. Ra7 Qg4 34. Qd8+ Rf8 35. Qd7 Qd1+ 36. Nf1 Rg6 37. g3 Qxc2 0-1

[Event "Helsingor Xtracon op"]
[Site "Helsingor"]
[Date "2016.07.25"]
[Round "4"]
[White "Sidali, Elias Hulleberg"]
[Black "Svane, Freja"]
[Result "0-1"]
[WhiteElo "1491"]
[BlackElo "1302"]
[PlyCount "96"]
[EventDate "2016.07.23"]
[EventType "swiss"]
[EventRounds "10"]
[EventCountry "DEN"]
[SourceTitle "CBM 173 Extra"]
[Source "ChessBase"]
[SourceDate "2016.08.29"]
[SourceVersion "1"]
[SourceVersionDate "2016.08.29"]
[SourceQuality "1"]

1. e4 e6 2. d4 d5 3. exd5 exd5 4. Bd3 Bd6 5. Nf3 Nf6 6. 0-0 0-0 7. Bg5 Bg4 8. Nbd2 c6 9. h3 Bh5 10. c3 Nbd7 11. Qc2 h6 12. Bh4 Re8 13. g4 Bg6 14. Bxg6 fxg6 15. Qxg6 Bf4 16. Qd3 Qc7 17. Kg2 Ne4 18. Nxe4 dxe4 19. Qc4+ Kh8 20. Ng1 e3 21. Ne2 Nb6 22. Qd3 Nd5 23. c4 Nb6 24. Bg3 Bxg3 25. Nxg3 Qf4 26. fxe3 Rxe3 27. Rxf4 Rxd3 28. c5 Nd5 29. Rf7 Rd2+ 30. Rf2 Nf4+ 31. Kf3 Rxf2+ 32. Kxf2 Nxh3+ 33. Kg2 Nf4+ 34. Kh2 Ne6 35. Rd1 Rd8 36. Ne2 Nxc5 37. Rf1 Ne4 38. Rf4 Nf6 39. Nc3 Kg8 40. Na4 Re8 41. Nc3 Rf8 42. Kg3 g5 43. Rf5 Nh5+ 44. Kf3 Rxf5+ 45. gxf5 Ng7 46. Kg4 Kf7 47. Ne4 Ne8 48. b3 Nf6+ 0-1

[Event "Helsingor Xtracon op"]
[Site "Helsingor"]
[Date "2016.07.24"]
[Round "3"]
[White "Svane, Freja"]
[Black "Van den Brink, Nienke"]
[Result "0-1"]
[WhiteElo "1302"]
[BlackElo "1612"]
[PlyCount "58"]
[EventDate "2016.07.23"]
[EventType "swiss"]
[EventRounds "10"]
[EventCountry "DEN"]
[SourceTitle "CBM 173 Extra"]
[Source "ChessBase"]
[SourceDate "2016.08.29"]
[SourceVersion "1"]
[SourceVersionDate "2016.08.29"]
[SourceQuality "1"]

1. d4 Nf6 2. c4 c5 3. Nf3 cxd4 4. Nxd4 d5 5. Bf4 e6 6. Nb5 Na6 7. Qa4 Bd7 8. Qb3 Rc8 9. cxd5 Nxd5 10. Bd2 Bb4 11. N1c3 Bxb5 12. Nxb5 Bxd2+ 13. Kxd2 Ndb4+ 14. Ke1 Nc2+ 15. Qxc2 Rxc2 16. Rd1 Qa5+ 17. Nc3 Rxc3 18. bxc3 Qxc3+ 19. Rd2 0-0 20. e3 Rd8 21. Ke2 Rxd2+ 22. Kf3 Qf6+ 23. Kg3 Nc5 24. Bd3 Qxf2+ 25. Kg4 Nxd3 26. Rd1 Qxg2+ 27. Kh4 Qxh2+ 28. Kg4 Ne5+ 29. Kg5 Rg2# 0-1

[Event "GER-ch U12"]
[Site "Magdeburg"]
[Date "2014.06.09"]
[Round "4"]
[White "Svane, Freja"]
[Black "Eulitz, Charlotte"]
[Result "0-1"]
[WhiteElo "1031"]
[BlackElo "1191"]
[PlyCount "94"]
[EventDate "2014.06.08"]
[EventType "swiss"]
[EventRounds "11"]
[EventCountry "GER"]
[SourceTitle "CBM 160 Extra"]
[Source "ChessBase"]
[SourceDate "2014.07.01"]
[SourceVersion "1"]
[SourceVersionDate "2014.07.01"]
[SourceQuality "1"]

1. e4 e5 2. Nf3 Nc6 3. Bb5 a6 4. Ba4 Nf6 5. d3 b5 6. Bb3 Be7 7. 0-0 d6 8. c3 0-0 9. Bg5 Na5 10. Bc2 c5 11. Nbd2 Nc6 12. Re1 Be6 13. Nf1 Qc7 14. Ng3 Rad8 15. Qe2 Rfe8 16. Nh4 h6 17. Bxf6 Bxf6 18. Nhf5 Ne7 19. Qg4 Nxf5 20. Nxf5 Bxf5 21. Qxf5 Qd7 22. Qf3 d5 23. Rad1 Qc6 24. Re3 d4 25. Re2 c4 26. Ra1 dxc3 27. bxc3 cxd3 28. Bxd3 Qxc3 29. Rd1 Rd4 30. Rc2 Qa3 31. Rdc1 Qxd3 32. Qg4 Rxe4 33. Qf5 Qxc2 34. Rf1 Rc8 35. h3 Rf4 36. Qd7 Rd4 37. Qb7 Qc6 38. Qa7 Ra8 39. Qxa8+ Qxa8 40. Rc1 Qd8 41. Rf1 Rd1 42. g4 Qd2 43. a3 Qe2 44. h4 Qxf1+ 45. Kh2 Rd2 46. Kg3 Qxf2+ 47. Kh3 Qg2# 0-1

[Event "GER-ch U12"]
[Site "Magdeburg"]
[Date "2014.06.08"]
[Round "2"]
[White "Bui, Ngoc Han Julia"]
[Black "Svane, Freja"]
[Result "1-0"]
[WhiteElo "1363"]
[BlackElo "1031"]
[PlyCount "47"]
[EventDate "2014.06.08"]
[EventType "swiss"]
[EventRounds "11"]
[EventCountry "GER"]
[SourceTitle "CBM 160 Extra"]
[Source "ChessBase"]
[SourceDate "2014.07.01"]
[SourceVersion "1"]
[SourceVersionDate "2014.07.01"]
[SourceQuality "1"]

1. e4 e6 2. d4 d5 3. Nd2 Nf6 4. e5 Nfd7 5. Bd3 c5 6. c3 Nc6 7. Ne2 Be7 8. 0-0 0-0 9. f4 f6 10. Kh1 a6 11. Nf3 b5 12. Qe1 Bb7 13. Bd2 f5 14. Be3 Rf7 15. Bf2 Nf8 16. dxc5 a5 17. Bxb5 Nd7 18. b4 axb4 19. cxb4 Qc7 20. Ned4 Ba6 21. Bxa6 Rxa6 22. Nxe6 Qb8 23. b5 Ra5 24. bxc6 1-0

[Event "GER-ch U12"]
[Site "Magdeburg"]
[Date "2014.06.08"]
[Round "1"]
[White "Santos, Leonardo"]
[Black "Svane, Freja"]
[Result "1-0"]
[WhiteElo "1547"]
[BlackElo "1031"]
[PlyCount "45"]
[EventDate "2014.06.08"]
[EventType "swiss"]
[EventRounds "11"]
[EventCountry "GER"]
[SourceTitle "CBM 160 Extra"]
[Source "ChessBase"]
[SourceDate "2014.07.01"]
[SourceVersion "1"]
[SourceVersionDate "2014.07.01"]
[SourceQuality "1"]

1. e4 e6 2. d4 d5 3. Nc3 Nf6 4. Bg5 Be7 5. e5 Nfd7 6. h4 Bxg5 7. hxg5 Qxg5 8. Qd3 h6 9. Nf3 Qd8 10. 0-0-0 a6 11. g4 c5 12. dxc5 Nxc5 13. Qe3 Nbd7 14. g5 h5 15. g6 f5 16. exf6 Qxf6 17. Nxd5 Qxg6 18. Nc7+ Ke7 19. Nxa8 Qg4 20. Qg5+ Qxg5+ 21. Nxg5 Kf6 22. Nf3 b5 23. Be2 1-0

[Event "Lueneburg blitz op"]
[Site "Lueneburg"]
[Date "2013.07.22"]
[Round "?"]
[White "Warnke, Klaus"]
[Black "Svane, Freja"]
[Result "1-0"]
[WhiteElo "1747"]
[BlackElo "891"]
[PlyCount "93"]
[EventDate "2013.07.22"]
[EventType "swiss (blitz)"]
[EventRounds "9"]
[EventCountry "GER"]
[SourceTitle "EXT 2024"]
[Source "ChessBase"]
[SourceDate "2023.10.10"]
[SourceVersion "1"]
[SourceVersionDate "2023.10.10"]
[SourceQuality "1"]

1. b3 e5 2. Bb2 Nc6 3. e3 d5 4. c4 Bf5 5. cxd5 Qxd5 6. Nc3 Qd8 7. d3 Nb4 8. e4 Be6 9. Nf3 Nc6 10. Be2 Bb4 11. 0-0 Nf6 12. a3 Bc5 13. Qc2 0-0 14. Nd5 Bxd5 15. Qxc5 Bxb3 16. Nxe5 Nxe5 17. Bxe5 Rc8 18. Rab1 Bc2 19. Qxc2 b6 20. Qc6 Re8 21. Bxf6 Qxf6 22. Qxf6 gxf6 23. a4 a5 24. Rfc1 Re7 25. f3 Rb8 26. Rc6 Kg7 27. Rb5 Kg6 28. Kf2 h5 29. h4 Rd7 30. Ke3 Re8 31. f4 Re6 32. Rxe6 fxe6 33. Bxh5+ Kg7 34. Be2 Re7 35. g4 e5 36. fxe5 fxe5 37. d4 exd4+ 38. Kxd4 Rd7+ 39. Ke3 Rd6 40. Rg5+ Kf6 41. Rf5+ Kg6 42. h5+ Kh6 43. e5 Re6 44. Kf4 c5 45. Rf6+ Rxf6+ 46. exf6 Kh7 47. g5 1-0

[Event "GER-ch U10"]
[Site "Oberhof"]
[Date "2013.05.24"]
[Round "9"]
[White "Svane, Freja"]
[Black "Rizo Wellmann, Darja"]
[Result "0-1"]
[WhiteElo "867"]
[BlackElo "956"]
[PlyCount "172"]
[EventDate "2013.05.19"]
[EventType "swiss"]
[EventRounds "11"]
[EventCountry "GER"]
[SourceTitle "CBM 154 Extra"]
[Source "ChessBase"]
[SourceDate "2013.06.25"]
[SourceVersion "2"]
[SourceVersionDate "2013.06.25"]
[SourceQuality "1"]

1. e4 e5 2. Nf3 Nc6 3. Bb5 Bc5 4. Nxe5 Qh4 5. 0-0 Nf6 6. Nc3 0-0 7. Bxc6 bxc6 8. d3 Qh5 9. Qxh5 Nxh5 10. b3 Bd4 11. Ba3 Bxc3 12. Bxf8 Bxa1 13. Nc4 Kxf8 14. Rxa1 Ba6 15. Ne5 Ke7 16. c4 Ke6 17. d4 d6 18. Nxc6 Bb7 19. d5+ Kd7 20. Nd4 c5 21. Nf3 Nf6 22. Ng5 h6 23. Nf3 Nxe4 24. Re1 Re8 25. Nh4 Nc3 26. Rxe8 Kxe8 27. a3 Nb1 28. Nf5 Kd7 29. Nxg7 Nxa3 30. Nf5 h5 31. Ng7 Nc2 32. Kf1 Nd4 33. b4 cxb4 34. Ke1 b3 35. Kd2 b2 36. Kc3 b1Q 37. Kxd4 Qg6 38. Nxh5 Qxh5 39. h3 Qd1+ 40. Ke4 Qg1 41. Kf3 Qe1 42. g4 Qe5 43. h4 Bxd5+ 44. cxd5 Qxd5+ 45. Kf4 Ke6 46. h5 Qe5+ 47. Kf3 Qh8 48. Kf4 Kf6 49. g5+ Kg7 50. h6+ Kg6 51. Kg4 f6 52. f4 d5 53. f5+ Kf7 54. g6+ Kf8 55. g7+ Qxg7+ 56. hxg7+ Kxg7 57. Kf4 a5 58. Ke3 a4 59. Kd4 Kf7 60. Kc3 Ke7 61. Kb4 Kd6 62. Kxa4 Ke5 63. Kb3 Kxf5 64. Kc3 Ke4 65. Kd2 Kd4 66. Kd1 Kd3 67. Ke1 Kc2 68. Ke2 d4 69. Kf3 d3 70. Kf4 d2 71. Kf5 d1Q 72. Kxf6 Qe2 73. Kf5 Kd3 74. Kf6 Kd4 75. Kf7 Kd5 76. Kf8 Kd6 77. Kf7 Qe1 78. Kf8 Kd7 79. Kf7 Qf2+ 80. Kg6 Ke7 81. Kg5 Ke6 82. Kg4 Ke5 83. Kg5 Qg2+ 84. Kh6 Kf5 85. Kh7 Kf6 86. Kh8 Qg7# 0-1

[Event "Norderstedt op"]
[Site "Norderstedt"]
[Date "2013.03.31"]
[Round "6"]
[White "Petrosyan, Tigran"]
[Black "Svane, Freja"]
[Result "1-0"]
[WhiteElo "1925"]
[BlackElo "858"]
[PlyCount "23"]
[EventDate "2013.03.28"]
[EventType "swiss"]
[EventRounds "9"]
[EventCountry "GER"]
[SourceTitle "EXT 2015"]
[Source "ChessBase"]
[SourceDate "2014.11.20"]
[SourceVersion "1"]
[SourceVersionDate "2014.11.20"]
[SourceQuality "1"]

1. e4 e5 2. Nf3 Nc6 3. Nc3 Bb4 4. Bb5 a6 5. Bc4 Nf6 6. 0-0 Bxc3 7. bxc3 Nxe4 8. d4 Nxc3 9. Qd3 e4 10. Qxc3 exf3 11. Qxf3 Nxd4 12. Qxf7# 1-0